00695nam a2200217Ia 4500001000700000008004100007035001600048041000800064084001900072110006900091245013400160260002600294300002200320650003000342650001200372650002100384650000900405650003400414650001900448650001000467005966221003s2002 xx 000 0 spa d aCENDO_10334 aspa aMU-00043-00034 aCCOObFederación MinerometalúrgicabSecretaría de la Mujer 0a<¿>Por qué un plan de igualdad en la Federación Minerometalúrgica de CC.OO.? :b8 de marzo Día Internacional de la Mujer a[S.l. :bs.n.,c2002] a[4] p. ;c 30 cm 0aIGUALDAD DE OPORTUNIDADES aMUJERES 0aACTITUD SINDICAL aCCOO 0aDIA INTERNACIONAL DE LA MUJER aPLAN DE ACCION aMETAL